| Tag |
First Indicator |
Second Indicator |
Subfields |
| LEADER |
00000cas a2200000 a 4500 |
| 001 |
in00001069013 |
| 005 |
20150929103212.0 |
| 008 |
770302c19719999gau x f0 0eng d |
| 010 |
|
|
|a (DG92063133
|
| 010 |
|
|
|a sn 92023219
|
| 035 |
|
|
|a (OCoLC)02771957
|
| 035 |
|
|
|9 AFP5763AM
|
| 040 |
|
|
|d GPO
|d DLC
|d UtOrBLW
|
| 042 |
|
|
|a lcd
|
| 043 |
|
|
|a n-usu--
|
| 070 |
|
|
|a aSD11.U54
|
| 074 |
|
|
|a 82-D-10
|
| 086 |
0 |
|
|a A 13.2:G 76/4/
|
| 086 |
0 |
|
|a A 13.89:
|
| 245 |
0 |
0 |
|a Forest-gram south.
|
| 264 |
|
1 |
|a Atlanta, Ga. :
|b Southern Region, USDA Forest Service.
|
| 310 |
|
|
|a Irregular
|
| 336 |
|
|
|a text
|b txt
|2 rdacontent
|
| 337 |
|
|
|a unmediated
|b n
|2 rdamedia
|
| 338 |
|
|
|a volume
|b nc
|2 rdacarrier
|
| 362 |
1 |
|
|a Began with no. 1 (Sept. 1971)-
|
| 500 |
|
|
|a Description based on: July 1984; title from caption.
|
| 515 |
|
|
|a Issues for <July 1984-> lack numbering designation.
|
| 510 |
0 |
|
|a Bibliography of agriculture
|
| 550 |
|
|
|a Vols. for Sept. 1971-19 issued by: Southeastern Area, State and Private Forestry, U.S.D.A. Forest Service; <July 1984-> by: Southern Region, USDA Forest Service.
|
| 650 |
|
0 |
|a Forests and forestry
|z United States
|x Periodicals.
|
| 710 |
1 |
|
|a United States.
|b Forest Service.
|b Southern Region.
|
| 710 |
1 |
|
|a United States.
|b State and Private Forestry.
|b Southeastern Area.
|
| 999 |
|
|
|a MARS
|
| 999 |
f |
f |
|s 9aa701c2-f8e6-3dbc-90d0-a18569fe43f5
|i 5935fcc2-cb75-360c-bf91-59ac94970a09
|t 0
|
| 952 |
f |
f |
|p serial
|a Texas A&M University
|b College Station
|c Sterling C. Evans Library
|d Evans: US Documents (Annex 5th floor)
|t 0
|e A 13.89:
|h Superintendent of Documents classification
|i unmediated -- volume
|k 1994:Oct.
|m A14835189349
|
| 998 |
f |
f |
|a A 13.89:
|s 1994:Oct.
|t 0
|l Evans: US Documents (Annex 5th floor)
|